000 00528pab a2200181 454500
008 180718b2001 xxu||||| |||| 00| 0 eng d
100 _aYoshihiro Eshima
245 _aPublic management innovation in Japan: its characteristics and challenges
260 _c2001
300 _ap.699-714
362 _aDec
650 _aPublic administration - Japan
650 _aPublic administration
700 _aTaishi Ohno
700 _aTaisuke Katayana
773 _aInternational Review of Administrative Sciences
909 _a51686
999 _c51686
_d51686